000
00338nam a2200145Ia 4500
100
_a
Pal/Ajit
942
_c
BK
654
_a
Microprocessors
245
_a
Microprocessors :principles and applications
260
_b
Tata Mc Graw hill
_a
New Delhi
_c
1994
082
_a
621.381953
_b
PAL
300
_a
332
546
_a
ENGLISH
999
_c
23567
_d
23567